000 00454nam a22001457a 4500
027 _qHard Cover.
040 _cSINES-NUST.
082 _a004
_bRAH
100 _aSana Rahim.
_9110303
245 _aSocioeconomic Classification Using Satellite Imagery and Machine Learning /
_cRahim, Sana
260 _aIslamabad:
_bSINES-NUST,
_cMarch-2023.
300 _a46 p. :
_bill. ;
_c35cm.
650 _xMS-Computational Science and Engineering.
942 _2ddc
_cTHE
999 _c593742
_d593742